Teatro

Salvato in:
Dettagli Bibliografici
Autore principale: Cocteau, Jean (Autore)
Natura: Libro
Lingua:spagnolo
Pubblicazione: Buenos Aires Losada S. A 1957
Edizione:1a. ed
Soggetti:
Tags: Aggiungi Tag
Nessun Tag, puoi essere il primo ad aggiungerne!!

MARC

LEADER 00000cam a2200000 a 4500
001 UCE1414
003 CL-VaPUC
008 140414e19570000ag |||||||||||||||||spa|d
082 0 4 |a 842  |b COC  |2 21 
100 0 |a Cocteau, Jean  |e author  |9 266449 
245 1 0 |a Teatro 
246 1 0 |a Baco 
246 1 4 |a Los novios de la Torre Eiffel 
246 1 4 |a Los caballeros de la mesa redonda 
250 |a 1a. ed 
300 |a v 
942 |c BK 
945 |d 20140414  |a dcastane 
260 |a Buenos Aires  |b Losada S. A  |c 1957 
650 7 |a DRAMAS FRANCESES  |2 CL-VaPUC  |9 267189 
650 0 |a Literatura francesa  |9 266330 
583 |a last modification  |c 20140424 10:33:52  |k Rodrigo Vera 
999 |c 355201  |d 355199 
952 |0 0  |1 0  |3 erb  |4 0  |6 842_000000000000000_COC_1957  |7 0  |8 A  |9 461750  |a BIBART  |b BIBART  |h v.2  |i 5055318  |o 842 COC 1957  |p 5055318  |r 2025-03-13  |w 2019-11-23  |y BK  |z Catalogado en:20140414  |k ART